10 największych miast na Węgrzech - Statystyki

Ogólne statystyki
  • Ten quiz został rozwiązany 235 razy
  • Średni wynik to 4 z 10
Statystyki odpowiedzi
Liczba ludności % ludności Miasto % Poprawnych
1 729 040 18% Budapeszt
100%
211 320 2,2% Debreczyn
72%
129 527 1,3% Gyor
50%
167 754 1,7% Miszkolc
45%
168 048 1,7% Segedyn
44%
156 049 1,6% Pecz
41%
100 570 1,0% Székesfehérvár
23%
79 438 0,8% Szombathely
18%
119 746 1,2% Nyíregyháza
16%
111 411 1,1% Kecskemet
11%
Nie znaleziono quizów pasujących do podanych kryteriów
Rozkład punktacji
Procent ludzi z każdym wynikiem
Percentyl według liczby udzielonych odpowiedzi
Twoja historia wyników
Nie rozwiązałeś tego quizu